Türk dış politikası : (Record no. 14516)
[ view plain ]
| 000 -BAŞLIK | |
|---|---|
| Sabit Uzunlukta Kontrol Alanı | 01007nam a22002537a 4500 |
| 999 ## - SİSTEM KONTROL NUMARALARI (KOHA) | |
| Koha Biblionumber | 14516 |
| Koha Biblioitemnumber | 14516 |
| 003 - KONTROL NUMARASI IDENTIFIER | |
| Denetim Alanı | MIRAKIL |
| 005 - SON İŞLEM TARİHİ VE ZAMANI | |
| Denetim Alanı | 20210923125826.0 |
| 008 - SABİT-BOY VERİ ELEMANLARI - GENEL BİLGİLER | |
| Sabit Uzunlukta Kontrol Alanı | 210923b tu ||||| |||| 00| 0 tur d |
| 020 ## - ULUSLARARASI STANDART KİTAP NUMARASI | |
| Uluslararası Standart Kitap Numarası | 9750500016 |
| 040 ## - KATALOGLAMA KAYNAK | |
| Orijinal Kataloglama Ajansı | TR-AnCHP |
| Metne Dönüştürmek Ajansı | TR-AnCHP |
| 041 ## - DİL KODU | |
| Metin / Ses Parça Veya Ayrı Başlığın Dil Kodu | Tur |
| 082 ## - DEWEY ONLU SINIFLANDIRMA NUMARASI | |
| Sınıflandırma Numarası | 327.561 |
| Ürün Numarası | T96 2003 |
| 245 10 - BAŞLIK TABLOSU | |
| Başlık | Türk dış politikası : |
| Başlığın Kalan | Kurtuluş Savaşından bugüne olgular, belgeler, yorumlar (Cilt I 1919-1980)/ |
| Sorumluluk Tablosu, Vb | editör: Baskın Oran |
| 246 ## - UNVAN FORM VARYING | |
| Başlık Doğru / Kısa Başlığı | Kurtuluş Savaşından bugüne olgular, belgeler, yorumlar (Cilt I 1919-1980) / |
| 250 ## - EDITION TABLOSU | |
| Baskı Beyanı | 7 bs. |
| 260 ## - YAYIN, DAĞITIM, VB | |
| Yayın, Dağıtım, Vb Yeri | İstanbul: |
| Yayıncı, Dağıtıcı, Vs Adı | İletişim yayınları, |
| Yayın, Dağıtım, Vb Tarihi | 2003. |
| 300 ## - FİZİKSEL TANIM | |
| Kapsam | c <1> ; 900 s.: |
| Diğer Fiziksel Ayrıntıları | tbl.;grf.; fotg.; |
| Boyutlar | 23 sm. |
| 490 0# - SERİSİ TABLOSU | |
| Seri Beyanı | İletişim yayınları; |
| -- | Araştırma-inceleme dizisi; |
| Hacim / Ardışık Tanımı | 758. |
| -- | 117. |
| 504 ## - KAYNAKÇA VB NOT | |
| Kaynakça Vb Notu | Kaynakça bölüm sonlarındadır. |
| 650 #4 - KONU KATMA GİRİŞ - TOPİKAL DÖNEM | |
| 9 (RLIN) | 1034 |
| Topikal Süreli Veya Coğrafi Ad Giriş Elemanı | Dış politika |
| Genel Alt Bölümü | Türkiye |
| Kronolojik Alt Bölümü | 1919-1980 |
| 700 ## - KATMA GİRİŞ - KİŞİSEL İSİM | |
| 9 (RLIN) | 6680 |
| Kişisel Ad | Oran, Baskın |
| Relator Terim | ed. |
| 740 ## - KATMA GİRİŞ - KONTROLSUZ İLGİLİ / ANALİTİK BAŞLIK | |
| Kontrol Edilmeyen / İlgili Analitik Başlıktaki | Kurtuluş Savaşından bugüne olgular, belgeler, yorumlar (Cilt I 1919-1980) |
| 942 ## - EKLENDİ GİRİŞ ELEMANLARI (KOHA) | |
| Sınıflandırma Veya Raf Düzeni Kaynak | Dewey Decimal Classification |
| Koha Öğesi Türü | Books |
| Kalıcı Konum | Mevcut Konum | Edinme Tarihi | Toplam Check-Out'Lar | Tam Çağrı Numarası | Barkod | Tarih Son Görülme | İtibaren Geçerli Fiyatlar | Sigara Kamu Notu | Koha Öğesi Türü |
|---|---|---|---|---|---|---|---|---|---|
| CHP Kütüphanesi | CHP Kütüphanesi | 09/23/2021 | 327.561 T96 2003 | 020010 | 09/23/2021 | 09/23/2021 | Emin Değer Bağışıdır. | Books |
